MARC details
| 000 -LEADER |
| fixed length control field |
01194 a2200337 4500 |
| 001 - CONTROL NUMBER |
| control field |
66927 |
| 003 - CONTROL NUMBER IDENTIFIER |
| control field |
TR-AnTOB |
| 005 - DATE AND TIME OF LATEST TRANSACTION |
| control field |
20251120163005.0 |
| 008 - FIXED-LENGTH DATA ELEMENTS--GENERAL INFORMATION |
| fixed length control field |
110622s2007 tu 000 0 d |
| 020 ## - INTERNATIONAL STANDARD BOOK NUMBER |
| International Standard Book Number |
9755857572 (pbk.) |
| 035 ## - SYSTEM CONTROL NUMBER |
| System control number |
66927 |
| 040 ## - CATALOGING SOURCE |
| Original cataloging agency |
TR-AnTOB |
| Language of cataloging |
eng |
| Description conventions |
rda |
| Transcribing agency |
TR-AnTOB |
| 041 1# - LANGUAGE CODE |
| Language code of text/sound track or separate title |
Türkçe |
| Language code of original |
fre |
| 050 ## - LIBRARY OF CONGRESS CALL NUMBER |
| Classification number |
HV7431 |
| Item number |
.S5320 2007 |
| 090 ## - LOCALLY ASSIGNED LC-TYPE CALL NUMBER (OCLC); LOCAL CALL NUMBER (RLIN) |
| Classification number (OCLC) (R) ; Classification number, CALL (RLIN) (NR) |
HV7431 .S5320 2007 |
| 100 ## - MAIN ENTRY--PERSONAL NAME |
| Personal name |
Shaw, Margaret |
| 9 (RLIN) |
32535 |
| 240 10 - UNIFORM TITLE |
| Uniform title |
Investır dans les jeunes, approches internationales de la prevention du crime et de la victimisation. |
| Language of a work |
Turkish |
| 245 #0 - TITLE STATEMENT |
| Title |
Gençlere yatırım : |
| Remainder of title |
suçun önlenmesi ve mağduriyete uluslararası yaklaşımlar / |
| Statement of responsibility, etc. |
Margaret Shaw ; çeviren Itibar Ugurlu. |
| 264 #1 - PRODUCTION, PUBLICATION, DISTRIBUTION, MANUFACTURE, AND COPYRIGHT NOTICE |
| Place of production, publication, distribution, manufacture |
Ankara : |
| Name of producer, publisher, distributor, manufacturer |
Emniyet Genel Müdürlüğü, |
| Date of production, publication, distribution, manufacture, or copyright notice |
2007. |
| 300 ## - PHYSICAL DESCRIPTION |
| Extent |
70 pages : |
| Other physical details |
tables ; |
| Dimensions |
24 cm |
| 490 0# - SERIES STATEMENT |
| Series statement |
Emniyet Genel Müdürlüğü ; |
| Volume/sequential designation |
No 426. |
|
| Series statement |
Strateji Geliştirme Daire Baskanlığı ; |
| Volume/sequential designation |
No 257 |
| 650 #7 - SUBJECT ADDED ENTRY--TOPICAL TERM |
| Topical term or geographic name entry element |
Suç önleme |
| Source of heading or term |
etuturkob |
| 9 (RLIN) |
32538 |
|
| Topical term or geographic name entry element |
Kriminoloji |
| Source of heading or term |
etuturkob |
| 9 (RLIN) |
115987 |
| 700 ## - ADDED ENTRY--PERSONAL NAME |
| Personal name |
Uğurlu, İtibar |
| 9 (RLIN) |
32536 |
| 710 ## - ADDED ENTRY--CORPORATE NAME |
| Corporate name or jurisdiction name as entry element |
Türkiye. |
| Subordinate unit |
Emniyet Genel Müdürlüğü |
| 9 (RLIN) |
45058 |
| 901 ## - LOCAL DATA ELEMENT A, LDA (RLIN) |
| a |
0022934, 0022935, 0022936 |
| 902 ## - LOCAL DATA ELEMENT B, LDB (RLIN) |
| a |
MÇ |
| 942 ## - ADDED ENTRY ELEMENTS (KOHA) |
| Koha item type |
Book |
| Source of classification or shelving scheme |
Library of Congress Classification |